| 000 | 00589nam a2200181 a 4500 | ||
|---|---|---|---|
| 005 | 20140412111259.0 | ||
| 008 | 000824s19uu xx 00 eng d | ||
| 020 | _a0-689-71060-7 | ||
| 050 |
_aTR(PS E _bMi58 1980 |
||
| 100 | _aLow, Joseph, 1911- | ||
| 245 |
_aMice twice / _cby Joseph Low. |
||
| 260 |
_aNew York : _bSimon & Schuster Children's Publishing, _c1980. |
||
| 300 | _a1 v. (unp.) ; ill. | ||
| 520 | _aA round of uneasy hospitality results when Mouse and Dog arrive at Cat's house for dinner. | ||
| 650 | _aAnimals-Fiction | ||
| 650 | _aEtiquette-Fiction | ||
| 999 |
_c103311 _d103311 |
||